000
00317nam a2200133Ia 4500
005
20251222144642.0
008
251222s9999||||xx |||||||||||||| ||spa||
020
_a
0-7835-5899-6
082
_a
372.4/C96
100
_a
Cullinan, Berenice E.
245
0
_a
Léeme un Cuento:
264
_b
Time Life Inc.
942
_c
LIB
999
_c
16735
_d
16735